<?xml version="1.0" encoding="UTF-8"?><?xml-stylesheet type="text/xsl" href="static/style.xsl"?><OAI-PMH xmlns="http://www.openarchives.org/OAI/2.0/" xmlns:xsi="http://www.w3.org/2001/XMLSchema-instance" xsi:schemaLocation="http://www.openarchives.org/OAI/2.0/ http://www.openarchives.org/OAI/2.0/OAI-PMH.xsd"><responseDate>2026-06-01T16:24:37Z</responseDate><request verb="GetRecord" identifier="oai:riuma.uma.es:10630/23139" metadataPrefix="marc">https://riuma.uma.es/rest/oai/request</request><GetRecord><record><header><identifier>oai:riuma.uma.es:10630/23139</identifier><datestamp>2026-02-03T12:55:45Z</datestamp><setSpec>com_10630_22985</setSpec><setSpec>com_10630_3139</setSpec><setSpec>com_10630_10</setSpec><setSpec>col_10630_22993</setSpec></header><metadata><record xmlns="http://www.loc.gov/MARC21/slim" xmlns:dcterms="http://purl.org/dc/terms/" xmlns:doc="http://www.lyncode.com/xoai" xmlns:xsi="http://www.w3.org/2001/XMLSchema-instance" xsi:schemaLocation="http://www.loc.gov/MARC21/slim http://www.loc.gov/standards/marcxml/schema/MARC21slim.xsd">
   <leader>00925njm 22002777a 4500</leader>
   <datafield ind2=" " ind1=" " tag="042">
      <subfield code="a">dc</subfield>
   </datafield>
   <datafield ind2=" " ind1=" " tag="720">
      <subfield code="a">Domínguez Saldívar, Adriana</subfield>
      <subfield code="e">author</subfield>
   </datafield>
   <datafield ind2=" " ind1=" " tag="720">
      <subfield code="a">Quintanal Díaz, José</subfield>
      <subfield code="e">author</subfield>
   </datafield>
   <datafield ind2=" " ind1=" " tag="260">
      <subfield code="c">2020</subfield>
   </datafield>
   <datafield ind2=" " ind1=" " tag="520">
      <subfield code="a">A lo largo del artículo se lleva a cabo una descripción amplia del procedimiento que sigue el sistema de formación mexicano, en las prácticas educativas de los futuros docentes de Primaria, estudiantes de la Escuela Normal. Ese planteamiento se encuentra actualmente en fase de adaptación y actualización, lo cual nos permite aprovechar la experiencia acumulada por los autores, docentes de Centros de Formación del Profesorado de México y España, incorporar una sencilla contribución con la que se enriquecer el procedimiento de atención y también la evaluación de los estudiantes. Incorporando la creación de un portfolio digital, ese proceso se podrá llevar a efecto de modo síncrono, lo cual enriquecerá la interacción didáctica y facilitará el aprendizaje del estudiantado.</subfield>
   </datafield>
   <datafield ind1="8" ind2=" " tag="024">
      <subfield code="a">Domínguez Saldívar, A., &amp; Quintanal Díaz, J. (2020). Las prácticas en la formación de futuros maestros en el contexto universitario mexicano. Revista Practicum, 5(1), 68-94. https://doi.org/10.24310/RevPracticumrep.v5i1.9831</subfield>
   </datafield>
   <datafield ind1="8" ind2=" " tag="024">
      <subfield code="a">https://hdl.handle.net/10630/23139</subfield>
   </datafield>
   <datafield ind1="8" ind2=" " tag="024">
      <subfield code="a">https://doi.org/10.24310/RevPracticumrep.v5i1.9831</subfield>
   </datafield>
   <datafield tag="653" ind2=" " ind1=" ">
      <subfield code="a">Profesores - Formación</subfield>
   </datafield>
   <datafield ind2="0" ind1="0" tag="245">
      <subfield code="a">Las prácticas en la formación de futuros maestros en el contexto universitario mexicano</subfield>
   </datafield>
</record>
</metadata></record></GetRecord></OAI-PMH>